Statistiken für Berühmte Militärs nach Bild und Nation - 9

Klicken Sie hier um das Quiz zu spielen!

Allgemein

  • Dieses Quiz wurde 16 mal gespielt
  • Das Durchschnittsergebnis liegt bei 2 aus 8

Antwortstatistiken

Antwort% Korrekt
Dschingis Khan
100%
Timur
29%
Jacques Dessalines
21%
Klaus Störtebeker
21%
Toussaint Louverture
21%
Georg von Frundsberg
14%
Theodor Körner
14%
Władysław Anders
14%

Verteilung der Resultate

Perzentil nach korrekt beantworteten Fragen

Anzahl Personen mit jedem Resultat

Ihre Resultats-Entwicklung

Sie haben dieses Quiz noch nicht gespielt